|
|
|
|
| LEADER |
01322nam a2200301 a 4500 |
| 001 |
669684 |
| 008 |
101013r20011995nyu 000 1 eng d |
| 010 |
|
|
|a 95002668
|
| 020 |
|
|
|a 9780141185231
|
| 020 |
|
|
|a 0141185236
|
| 040 |
|
|
|a DLC
|c DLC
|d DLC
|d OCoLC
|d DLC
|d BD-DhAAL
|
| 082 |
0 |
0 |
|a 843/.914
|2 20
|
| 100 |
1 |
|
|a Camus, Albert,
|d 1913-1960.
|
| 240 |
1 |
0 |
|a Premier homme.
|l English
|
| 245 |
1 |
4 |
|a The first man /
|c by Albert Camus ; translated from the French by David Hapgood.
|
| 260 |
|
|
|a New York :
|b Knopf ;
|a London :
|b Penguin Books,
|c 1995.[Reprinted 2001]
|
| 300 |
|
|
|a vii,261 p. ;
|c 20 cm.
|
| 504 |
|
|
|a Includes bibliographical references.
|
| 541 |
|
|
|e 00021309
|
| 650 |
|
0 |
|a Children
|x Fiction.
|
| 650 |
|
0 |
|a Fatherless families
|x Fiction.
|
| 651 |
|
0 |
|a Algeria
|x Fiction.
|
| 655 |
|
7 |
|a Domestic fiction.
|2 lcsh
|
| 700 |
1 |
|
|a Hapgood, David.
|
| 852 |
4 |
|
|a Ayesha Abed Library
|j General shelf
|
| 999 |
|
|
|c 9786
|d 9786
|
| 952 |
|
|
|0 0
|1 0
|2 ddc
|4 0
|6 843_914000000000000_CAM_1994
|7 0
|9 12466
|a BRACUL
|b BRACUL
|c GEN
|d 2010-10-13
|e Book Web
|g 650.00
|l 19
|m 168
|o 843.914 CAM
|p 3010021309
|q 2026-06-02
|r 2026-05-04
|s 2026-05-04
|t 1
|w 2010-10-13
|y BK
|
| 952 |
|
|
|0 0
|1 0
|2 ddc
|4 0
|6 843_914000000000000_CAM_1994
|7 0
|9 12467
|a BRACUL
|b SCL
|c GEN
|d 2010-10-13
|e Book Web
|g 650.00
|l 9
|m 63
|o 843.914 CAM
|p 3010021310
|q 2026-06-08
|r 2025-06-18
|s 2025-06-18
|t 2
|w 2010-10-13
|y BK
|